00665cam a22002291 4500001001300000003000400013005001700017008004100034010001700075035002000092040001700112042001200129043001200141050002100153100002200174245004000196250003900236260004300275300004400318504002600362651004700388sa 67000362 DLC20260227112314.0870825s1964 io ach b 000 0 ind  asa 67000362  a(OCoLC)16564964 aDLCcCUdDLC apremarc aa-io---00aDS644b.K42 19641 aKertapati, Sidik.10aSekitar proklamasi 17 Agustus 1945. aTjet. 3, diperbaiki dan diperluas. aDjakarta,bJajasan "Pembaruan,"c1964. a 182 p.billus., facsim., port.c21 cm. aBibliography: p. 182. 0aIndonesiaxHistoryyRevolution, 1945-1949.